000
00271nam a2200109Ia 4500
008
190911s9999||||xx |||||||||||||| ||und||
100
_a
James,Glyn
245
0
_a
Advanced Modern Enginering Mathematics
260
_a
England
_b
Mc Graw Hill
_c
1999
300
_a
901
942
_c
BK
999
_c
6790
_d
6790